LEADER 01152nam a2200277 u 4500 001 000000057420 003 CaOOAMICUS 005 20070226120600.0 008 010509s1975 it u000 u ita u 035 $a10887901 040 $aPUL(R)$bita 245 00$aProblemi religiosi e filosofia /$ca cura di Albino Babolin ; A. Bausola ... [et al.]. 260 $aPadova :$bLa Garangola,$c1975. 300 $a271 p. ;$c22 cm 490 1 $aUniversità di Parma. Istituto di scienze religiose. Saggi ;$v9 500 $aContiene indice. 504 $aBibliografia in nota. 650 4$aFilosofia e religione.$0(OLS)http://pul/subject/2646 700 1 $aBabolin, Albino.$0(OLS)http://pul/name/5661 830 0$aSaggi (Università di Parma. Istituto di scienze religiose) ;$v9.$0(OLS)http://pul/title/76874 850 $aPUL 852 $aPUL$W1$xSL Religione 1$y3$m58 H 53$j75119$nBK-PRI$b $qStampati$B75119$CPULBib$Z2$F75119 $H $81 941 1 $a8 961 $aINV: 49877 996 $6245$aProblemi religiosi e filosofia$9(OLS)http://pul/title/76873 996 $6260$aPadova :$bLa Garangola$9(OLS)http://pul/publisher/53410 LEADER 01849nam a2200385 a 4500 001 000000140851 003 CaOOAMICUS 005 20141211104408.0 008 141211s2014 it u000 u ita r 020 $a978-88-13-33995-1 040 $aPUL$bita 082 04$a348.45 100 1 $aCrespi, Alberto.$0(OLS)http://pul/name/15775 245 10$aCommentario breve al Codice penale :$bcomplemento giurisprudenziale /$cAlberto Crespi, Gabrio Forti, Giuseppe Zuccalà ; a cura di Giuseppe Zuccalà ; con la collaborazione di Aurelio Barazzetta ... [et al.]. 250 $a15. ed. per prove concorsuali ed esami. 260 $aPadova :$bCEDAM,$c2014$aMilanofiori Assago :$bWolters Kluwer 300 $aXXXII, 3026 p. ;$c24 cm 490 1 $aBreviaria Iuris ;$v04 500 $aComprende indici. 500 $aTesto su due colonne. 630 04$aCodice penale$zItalia.$0(OLS)http://pul/subject/12325 650 4$aDiritto penale$zItalia.$0(OLS)http://pul/subject/10217 700 1 $aZuccalà, Giuseppe.$0(OLS)http://pul/name/15776 700 1 $aForti, Gabrio,$d1953-$0(OLS)http://pul/name/69491 700 1 $aBarazzetta, Aurelio.$0(OLS)http://pul/name/40837 830 0$aBreviaria Iuris ;$v04.$0(OLS)http://pul/title/8521 850 $aPUL 852 $aPUL$W1$xDP2 Diritto e Scienze Sociali 3$y110$m348. 45 COD 1.1.41$j162619$qDDC 21$B162237$CPULBib$Z2$F162237 $H125098 $82 941 1 $a9 996 $6020$a978-88-13-33995-1$9(OLS)http://pul/number/156474 996 $6082$a348.45$9(OLS)http://pul/classification/373 996 $6245$aCommentario breve al Codice penale :$bcomplemento giurisprudenziale$9(OLS)http://pul/title/64872 996 $6260$aPadova :$bCEDAM$9(OLS)http://pul/publisher/48126 996 $6260$aMilanofiori Assago :$bWolters Kluwer$9(OLS)http://pul/publisher/81463